[Event "Open Semana Santa 2023"]
[Site "?"]
[Date "2023.04.10"]
[Round "9.58"]
[White "Houhou, Alexandre"]
[Black "Rey Martinez, Jaime"]
[Result "0-1"]
[WhiteElo "2038"]
[BlackElo "2283"]
[PlyCount "50"]
[EventDate "2023.??.??"]

1. e4 c5 2. Nf3 a6 3. c4 Nc6 4. d4 cxd4 5. Nxd4 e5 6. Nc2 Nf6 7. Nc3 Bc5 8. Be3
Bxe3 9. Nxe3 d6 10. Be2 Be6 11. O-O O-O 12. Qd2 Rc8 13. b3 Nd4 14. Ned5 Nxe4
15. Nxe4 Bxd5 16. cxd5 Rc2 17. Qb4 Rxe2 18. Ng3 Rc2 19. Qxb7 Qa5 20. Rac1 Rxc1
21. Rxc1 Qd2 22. Qc7 h5 23. h4 g5 24. Kh2 gxh4 25. Nxh5 Qh6 0-1

[Event "Open Semana Santa 2023"]
[Site "?"]
[Date "2023.04.10"]
[Round "9.59"]
[White "FM Remolar Gallen, Jose"]
[Black "Pons Morro, Mateo"]
[Result "1/2-1/2"]
[WhiteElo "2283"]
[BlackElo "2105"]
[PlyCount "89"]

1. d4 d5 2. c4 c6 3. Nc3 dxc4 4. e3 Nf6 5. Bxc4 e6 6. Nf3 Nbd7 7. O-O b5 8. Bb3
Be7 9. Qe2 a5 10. Rd1 Ba6 11. Qe1 O-O 12. e4 b4 13. Na4 Qc7 14. Bg5 h6 15. Bh4
Rfe8 16. Rac1 Qb7 17. h3 Bb5 18. Qe3 Rac8 19. Re1 Qa7 20. e5 Nd5 21. Qe4 c5 22.
Bc2 g6 23. Bxe7 Nxe7 24. Nxc5 Nxc5 25. dxc5 Bc6 26. Qf4 Bxf3 27. Qxf3 Rxc5 28.
Qe3 Rec8 29. Rcd1 R5c7 30. Qxa7 Rxa7 31. Be4 Rc5 32. f4 h5 33. g3 Rac7 34. Kf2
Kg7 35. Rd6 Nf5 36. Ra6 h4 37. gxh4 Nxh4 38. Rd1 Rc4 39. Ke3 Nf5+ 40. Bxf5 exf5
41. Rd4 Rc2 42. Rd2 R7c4 43. Rxc2 Rxc2 44. Rxa5 Rxb2 45. Ra7 1/2-1/2

[Event "Open Semana Santa 2023"]
[Site "?"]
[Date "2023.04.10"]
[Round "9.60"]
[White "Fuentes Guinot, Angel"]
[Black "FM Cappelletto, Joshuaede"]
[Result "0-1"]
[WhiteElo "1941"]
[BlackElo "2266"]
[PlyCount "74"]

1. d4 Nf6 2. Nf3 c5 3. e3 g6 4. c3 b6 5. Bd3 Bb7 6. Nbd2 Bg7 7. O-O O-O 8. Qe2
d5 9. dxc5 bxc5 10. e4 e6 11. Re1 Nc6 12. Ba6 Bxa6 13. Qxa6 Qb6 14. Qa4 Rfd8
15. exd5 exd5 16. Nb3 d4 17. cxd4 cxd4 18. Bg5 h6 19. Bd2 Nd5 20. Rad1 Rab8 21.
Re4 d3 22. Na5 Rdc8 23. Nc4 Qc7 24. Qa3 Ncb4 25. Nce5 a5 26. h3 Re8 27. Bc3
Nxc3 28. Qxc3 Qxc3 29. bxc3 Nxa2 30. Nc6 Nxc3 31. Rxe8+ Rxe8 32. Rxd3 a4 33.
Nfd4 Re1+ 34. Kh2 Rc1 35. Nb4 a3 36. Nbc2 a2 37. Rxc3 Bxd4 0-1

[Event "Open Semana Santa 2023"]
[Site "?"]
[Date "2023.04.10"]
[Round "9.61"]
[White "Garbezza, Davide"]
[Black "FM Moral Garcia, Serafin"]
[Result "1/2-1/2"]
[WhiteElo "1879"]
[BlackElo "2258"]
[Annotator "Usuario"]
[PlyCount "82"]

1. Nf3 Nf6 2. b3 g6 3. Bb2 Bg7 4. g3 O-O 5. Bg2 c5 6. c4 Nc6 7. O-O d6 8. d4
Ne4 9. Nbd2 Bf5 10. Nxe4 Bxe4 11. Qd2 cxd4 12. Nxd4 Bxg2 13. Kxg2 Qd7 14. f3 a6
15. Nxc6 Qxc6 16. Bxg7 Kxg7 17. Qd4+ Kg8 18. e4 Rfd8 19. h4 Rac8 20. Rac1 Qc5
21. Qxc5 Rxc5 22. Rf2 Rdc8 23. Rfc2 b5 24. Kf2 Kg7 25. Ke3 Kf6 26. Kd3 b4 27.
a4 h5 28. Ke3 $11 Ke6 29. Rd2 Kd7 30. Rcd1 R8c6 31. f4 f6 32. Rd5 e6 33. R5d3
Ke7 34. Kf3 Rb6 35. R3d2 Rc8 36. Ke3 Rbc6 37. Kf3 Rg8 38. Rh1 f5 39. e5 d5 40.
Rhd1 Rd8 41. Ke3 Rc5 $11 1/2-1/2

[Event "Open Semana Santa 2023"]
[Site "?"]
[Date "2023.04.10"]
[Round "9.63"]
[White "Ontanon Gomez, Jesus"]
[Black "IM Kovacevic, Slobodan"]
[Result "0-1"]
[WhiteElo "1917"]
[BlackElo "2226"]
[Annotator "Usuario"]
[PlyCount "116"]
[EventDate "2023.??.??"]

1. e4 c5 2. Nf3 e6 3. d4 cxd4 4. Nxd4 a6 5. Bd3 Nf6 6. c4 d6 7. Nc3 Nbd7 8. O-O
Qc7 9. Be3 Be7 10. Rc1 O-O 11. b3 b6 12. f3 Bb7 13. Qd2 Rac8 14. Rfd1 Qb8 15.
Qf2 Bd8 16. Qg3 Re8 17. Qh3 Ne5 18. Bb1 Ng6 19. Nde2 Bc7 20. Nf4 $11 d5 21. Nh5
Nxh5 22. Qxh5 dxc4 23. bxc4 Bf4 24. Bxf4 Nxf4 25. Qh4 Rxc4 26. Bd3 Rc5 27. Ne2
Rxc1 28. Nxc1 Rd8 29. Qe7 b5 30. Bc2 Rxd1+ 31. Bxd1 h6 32. Nb3 Nd3 33. Nc5 Qa7
34. Qd8+ Kh7 35. Qxd3 Qxc5+ 36. Kf1 Bc6 37. Qc2 Qb6 38. Qf2 Qd8 39. Bc2 Kg8 40.
Ke1 Qa5+ 41. Qd2 Qc7 42. g3 a5 43. Qd4 Be8 44. Kd2 b4 45. Bb1 e5 46. Qd3 Qc5
47. Qe3 Qxe3+ 48. Kxe3 Kf8 49. Bd3 Ke7 50. Bc4 Kd6 51. a3 bxa3 52. Kd2 Kc5 53.
Kc3 f6 54. f4 Bc6 55. Bd3 a2 56. Kb2 Kd4 57. Bf1 exf4 58. gxf4 Bxe4 0-1

[Event "Open Semana Santa 2023"]
[Site "?"]
[Date "2023.04.10"]
[Round "9.64"]
[White "WFM Prado Acebo, Ines"]
[Black "Andries, Alf"]
[Result "1-0"]
[WhiteElo "2226"]
[BlackElo "2067"]
[PlyCount "69"]

1. d4 Nf6 2. c4 e6 3. Nf3 c5 4. d5 exd5 5. cxd5 d6 6. Nc3 g6 7. Nd2 Bg7 8. e4
O-O 9. Be2 Re8 10. O-O Na6 11. Re1 Nc7 12. a4 b6 13. h3 Rb8 14. Bb5 Nxb5 15.
axb5 Qc7 16. Nc4 Nd7 17. Bf4 Ne5 18. Nxe5 Bxe5 19. Bxe5 dxe5 20. Qa4 Rb7 21.
Nd1 f5 22. Ra3 fxe4 23. Qxe4 Bf5 24. Qc4 Qd6 25. Rae3 Rd7 26. g4 Bxg4 27. Qxg4
Qxd5 28. Nc3 Qf7 29. Rxe5 Rde7 30. Rxe7 Rxe7 31. Rd1 Kg7 32. Qg3 h6 33. Nd5 Rd7
34. Qe5+ Kh7 35. Nf6+ 1-0

[Event "Open Semana Santa 2023"]
[Site "?"]
[Date "2023.04.10"]
[Round "9.65"]
[White "FM Martin Barcelo, Carles"]
[Black "Campos Busquiel, Alejandro"]
[Result "1-0"]
[WhiteElo "2222"]
[BlackElo "1730"]
[Annotator "Usuario"]
[PlyCount "107"]

1. e4 e6 2. d4 d5 3. Bd3 Nf6 4. e5 Nfd7 5. f4 c5 6. c3 Qb6 7. Nf3 Nc6 8. Bc2
cxd4 9. cxd4 Nb4 10. O-O Nxc2 11. Qxc2 Qc6 12. Nc3 b5 13. f5 b4 14. fxe6 fxe6
15. Ng5 Ba6 16. Rf2 bxc3 17. Nf7 Be7 18. Nxh8 Nxe5 19. bxc3 Nd3 $11 20. Nf7
Nxf2 21. Qxf2 Bf6 22. Ne5 Bxe5 23. dxe5 Qxc3 24. Bb2 Qc4 25. Ba3 Qc6 26. Rb1
Bd3 27. Qf8+ Kd7 28. Qxg7+ Kd8 29. Qf6+ Kd7 $11 30. Qf7+ Kd8 31. Qe7+ Kc8 32.
Rc1 Bc4 33. Bd6 Qd7 34. Qf8+ Qd8 35. Qf7 Qd7 36. Qg8+ Kb7 37. Rb1+ Bb5 38. Qg5
Kc6 39. Qe3 a6 40. a4 Kb7 41. axb5 a5 42. Qa3 Qd8 43. Qd3 Qh4 44. Rc1 Rc8 45.
Rxc8 Kxc8 46. Qc3+ Qc4 47. Qxc4+ dxc4 48. Kf2 Kb7 49. Bc5 a4 50. Ke3 a3 51.
Bxa3 Kb6 52. Kd4 Kxb5 53. Kc3 h5 54. Be7 1-0

[Event "Open Semana Santa 2023"]
[Site "?"]
[Date "2023.04.10"]
[Round "9.66"]
[White "IM Cruz Lledo, Pablo"]
[Black "Sanjuan Segura, Ignacio"]
[Result "1-0"]
[WhiteElo "2395"]
[BlackElo "1902"]
[PlyCount "39"]

1. d4 Nf6 2. c4 e6 3. Nc3 Bb4 4. e3 b6 5. Bd3 Bb7 6. f3 c5 7. a3 Bxc3+ 8. bxc3
d5 9. Ne2 O-O 10. O-O dxc4 11. Bxc4 Qc7 12. Ba2 e5 13. d5 e4 14. c4 b5 15. Bb2
Nbd7 16. cxb5 Qd6 17. Ng3 Rfe8 18. fxe4 Nxe4 19. Qg4 Nef6 20. Qxg7+ 1-0

[Event "Open Semana Santa 2023"]
[Site "?"]
[Date "2023.04.10"]
[Round "9.67"]
[White "FM Habans Aguerrea, Javier"]
[Black "Martinez Rodriguez, Francisco Sa"]
[Result "1-0"]
[WhiteElo "2343"]
[BlackElo "2004"]
[PlyCount "97"]

1. c4 e6 2. g3 d5 3. Bg2 Nf6 4. Nf3 Be7 5. d4 O-O 6. O-O Nbd7 7. Qc2 c6 8. Nbd2
b6 9. e4 Ba6 10. b3 Rc8 11. Bb2 c5 12. e5 Ng4 13. h3 Nh6 14. g4 Qc7 15. cxd5
Bxf1 16. d6 Bxd6 17. exd6 Qxd6 18. Rxf1 cxd4 19. Qb1 f5 20. g5 Nf7 21. Nc4 Qf4
22. Bc1 Qc7 23. Nxd4 Rfe8 24. h4 Nde5 25. Nxe5 Nxe5 26. Bb2 Ng4 27. Nf3 Qc2 28.
Qa1 Re7 29. Ne5 Qd2 30. Nxg4 fxg4 31. Be5 Rc2 32. Bg3 Rxa2 33. Qe5 Qd8 34. h5
Ra5 35. Qe3 Re8 36. Bh4 h6 37. Bc6 Rf8 38. Qxe6+ Kh8 39. Qxg4 hxg5 40. Bg3 Qf6
41. Be4 Rb5 42. Bc2 a5 43. Rd1 Rd8 44. Rxd8+ Qxd8 45. Qe4 Qg8 46. Be5 Rb4 47.
Qf5 Rh4 48. Qxg5 Rh3 49. h6 1-0

[Event "Open Semana Santa 2023"]
[Site "?"]
[Date "2023.04.10"]
[Round "9.68"]
[White "Vinuesa Sorli, Ruben"]
[Black "FM Garcia Molina, Jose"]
[Result "0-1"]
[WhiteElo "2003"]
[BlackElo "2251"]
[PlyCount "80"]

1. e4 c5 2. Nf3 d6 3. d4 cxd4 4. Nxd4 Nf6 5. Nc3 Nc6 6. Bg5 e6 7. Qd2 a6 8.
O-O-O Bd7 9. f4 Be7 10. Be2 Qc7 11. Bxf6 gxf6 12. Bh5 Rf8 13. f5 O-O-O 14. fxe6
fxe6 15. Bg4 Nxd4 16. Qxd4 Kb8 17. Qb4 Rc8 18. Qb3 Qc4 19. Qxc4 Rxc4 20. Rhe1
Rfc8 21. Re2 b5 22. Nd5 Bd8 23. b3 R4c6 24. Nf4 f5 25. exf5 Bg5 26. g3 e5 27.
Rf2 exf4 28. gxf4 Bf6 29. Bf3 Rb6 30. Rd5 Rg8 31. Bg2 Kc7 32. Rfd2 Bc3 33. Re2
b4 34. Bf1 Rg1 35. Rd1 Kd8 36. Bh3 Rxd1+ 37. Kxd1 Rb5 38. Rg2 Rd5+ 39. Ke2 Rd2+
40. Kf3 Bc6+ 0-1

[Event "Open Semana Santa 2023"]
[Site "?"]
[Date "2023.04.10"]
[Round "9.69"]
[White "FM Hernandez Leon, Alberto"]
[Black "Nazarov, Alexander"]
[Result "1-0"]
[WhiteElo "2218"]
[BlackElo "1982"]
[PlyCount "69"]
[EventDate "2023.??.??"]

1. d4 Nf6 2. c4 e6 3. Nf3 b6 4. g3 Bb7 5. Bg2 Bb4+ 6. Bd2 Be7 7. O-O O-O 8. Nc3
Ne4 9. d5 Nxd2 10. Qxd2 d6 11. Qc2 e5 12. Nxe5 dxe5 13. d6 Bxg2 14. dxe7 Qxe7
15. Kxg2 c6 16. Rad1 Nd7 17. Qd2 Nf6 18. Qd6 Qxd6 19. Rxd6 Rac8 20. Rfd1 Rfe8
21. h3 h5 22. Kf3 Kf8 23. Ne4 Nxe4 24. Kxe4 g6 25. g4 hxg4 26. hxg4 Re7 27.
Rd8+ Rxd8 28. Rxd8+ Kg7 29. Rd6 c5 30. g5 Rb7 31. a4 a6 32. Kd5 Kf8 33. Kc6 Rb8
34. Kc7 Ra8 35. Rd8+ 1-0

[Event "Open Semana Santa 2023"]
[Site "?"]
[Date "2023.04.10"]
[Round "9.70"]
[White "Lloret Mauri, Jaime"]
[Black "CM Aymerich Verdaguer, Eduard"]
[Result "0-1"]
[WhiteElo "1989"]
[BlackElo "2215"]
[PlyCount "80"]

1. e4 c5 2. c3 d5 3. exd5 Qxd5 4. Nf3 Nc6 5. Na3 e6 6. Nc2 Nf6 7. d4 Be7 8. Be3
cxd4 9. Ncxd4 O-O 10. Qc2 Bd7 11. Be2 Rac8 12. O-O Ng4 13. Nxc6 Bxc6 14. Bxa7
Ra8 15. Rfd1 Qh5 16. Bb6 Bxf3 17. Bxf3 Qxh2+ 18. Kf1 Nf6 19. c4 e5 20. g3 Rac8
21. b3 Rfe8 22. a4 e4 23. Bg2 Bb4 24. Qe2 h5 25. Qe3 Ng4 26. Qg5 Bc3 27. Rac1
e3 28. Bxe3 Rxe3 29. fxe3 Qxg3 30. Rd8+ Rxd8 31. Qxd8+ Kh7 32. Qd3+ g6 33. Kg1
Nxe3 34. Rc2 Be5 35. Re2 Qh2+ 36. Kf2 Qh4+ 37. Kg1 Bh2+ 38. Kh1 Bg3+ 39. Bh3
Qxh3+ 40. Kg1 Qf1# 0-1

[Event "Open Semana Santa 2023"]
[Site "?"]
[Date "2023.04.10"]
[Round "9.71"]
[White "FM Garcia Gimenez, Santiago"]
[Black "Lobo Pereira, Arami"]
[Result "1-0"]
[WhiteElo "2210"]
[BlackElo "1961"]
[PlyCount "55"]

1. e4 c5 2. Nf3 Nc6 3. Bb5 e6 4. O-O Nge7 5. Re1 b6 6. d4 cxd4 7. Bg5 Qc7 8. c3
dxc3 9. Nxc3 a6 10. Rc1 f6 11. Bxc6 dxc6 12. Nd5 Qd8 13. Bxf6 cxd5 14. Ne5 gxf6
15. Qh5+ Ng6 16. Nxg6 hxg6 17. Qxh8 Kf7 18. exd5 Qxd5 19. Red1 Qh5 20. Rc7+ Be7
21. Qd8 Bd7 22. Qxd7 Re8 23. Rdc1 Qe2 24. h3 Qxb2 25. Rc8 Rxc8 26. Rxc8 Qa1+
27. Kh2 Qe5+ 28. g3 1-0

[Event "Open Semana Santa 2023"]
[Site "?"]
[Date "2023.04.10"]
[Round "9.72"]
[White "CM Ribera Veganzones, Veganzones,Serni"]
[Black "Donate Moreno, David"]
[Result "1-0"]
[WhiteElo "2195"]
[BlackElo "1958"]
[PlyCount "45"]

1. e4 c5 2. Nf3 a6 3. c4 Nc6 4. d4 cxd4 5. Nxd4 e5 6. Nf5 d5 7. cxd5 Bxf5 8.
exf5 Nd4 9. Nc3 Nf6 10. Bd3 Be7 11. O-O O-O 12. Re1 Nxd5 13. Nxd5 Qxd5 14. Qg4
Bf6 15. Bh6 Rfe8 16. Bxg7 h5 17. Qg3 Kh7 18. Bxf6 Rg8 19. Be4 Qb5 20. Qxe5 Ne2+
21. Kh1 Qc4 22. b3 Qb4 23. Rxe2 1-0

[Event "Open Semana Santa 2023"]
[Site "?"]
[Date "2023.04.10"]
[Round "9.73"]
[White "Hammari, Vinjar"]
[Black "Salvador Buiza, Victor"]
[Result "0-1"]
[WhiteElo "1989"]
[BlackElo "2195"]
[PlyCount "78"]

1. d4 d5 2. c4 e6 3. Nf3 c6 4. g3 dxc4 5. Bg2 b5 6. O-O Bb7 7. a4 a6 8. b3 cxb3
9. Qxb3 Nf6 10. Nc3 Be7 11. e4 O-O 12. Rd1 Nbd7 13. Ba3 Bxa3 14. Qxa3 Qb6 15.
Rab1 Rfd8 16. e5 Nd5 17. Ne4 b4 18. Qc1 Rac8 19. Qg5 Rf8 20. Qh4 Qd8 21. Qh5 c5
22. Nd6 Rc7 23. Ng5 h6 24. Ngxf7 Qe7 25. Nxb7 Rxb7 26. Nd6 Rc7 27. Bxd5 exd5
28. f4 a5 29. Qf3 Nb6 30. dxc5 Rxc5 31. Rbc1 Rxc1 32. Rxc1 Qxe5 33. fxe5 Rxf3
34. Re1 Nc4 35. Nb7 Kf8 36. Rd1 b3 37. e6 b2 38. Rb1 Ne3 39. Nxa5 Rf1+ 0-1

[Event "Open Semana Santa 2023"]
[Site "?"]
[Date "2023.04.10"]
[Round "9.74"]
[White "FM Buenafe Moya, Moya,Javier"]
[Black "Hurtado Rueda, Manuel"]
[Result "1-0"]
[WhiteElo "2188"]
[BlackElo "1951"]
[PlyCount "61"]

1. c4 Nf6 2. Nc3 c5 3. g3 g6 4. Bg2 Bg7 5. Rb1 a5 6. Nf3 Nc6 7. O-O O-O 8. d3
d6 9. Ne1 Ng4 10. h3 Nh6 11. Bd2 f5 12. Nc2 Kh8 13. a3 Bd7 14. e3 e5 15. Nb5
Nf7 16. b4 b6 17. Kh2 Rb8 18. Bc3 axb4 19. axb4 Ne7 20. Qd2 Bc6 21. f4 Qd7 22.
d4 Bxb5 23. cxb5 cxd4 24. exd4 e4 25. d5 Qxb5 26. Bxg7+ Kxg7 27. Ne3 Ra8 28.
Rfd1 Ra3 29. Qb2+ Ne5 30. Qxa3 Nd3 31. Bf1 1-0

[Event "Open Semana Santa 2023"]
[Site "?"]
[Date "2023.04.10"]
[Round "9.75"]
[White "Jordan Martinez, Miguel"]
[Black "Correas Gonzalez, Jose Ramon"]
[Result "1-0"]
[WhiteElo "2186"]
[BlackElo "1942"]
[Annotator "Usuario"]
[PlyCount "105"]
[EventDate "2023.??.??"]

1. e4 c5 2. Nf3 e6 3. c4 d5 4. exd5 exd5 5. d4 Nf6 6. Nc3 dxc4 7. Bxc4 Be7 8.
O-O cxd4 9. Qxd4 O-O 10. Qxd8 Rxd8 11. Ne5 Rf8 12. Re1 Bb4 13. Bg5 Be6 14. Bxe6
fxe6 15. Nd3 Bxc3 16. bxc3 Na6 17. Rxe6 Rac8 18. Nb4 Rxc3 19. Nxa6 bxa6 20.
Rxa6 Rc2 21. h3 Nd5 22. Bh4 Nc3 23. Kh2 g5 24. Bg3 Ne4 25. Rf1 Rf7 26. f3 h5
$11 27. Re1 Nxg3 28. Kxg3 h4+ 29. Kh2 Kf8 30. Re5 Rxf3 31. Rxg5 Rf7 32. Rg4 Rh7
33. a4 Rc5 34. Rf4+ Ke7 35. Raf6 Rch5 36. Rg6 Kd7 37. Kg1 Kc7 38. Kf2 Kb7 39.
Kf3 Re5 40. Rgf6 Rh8 41. Rf7+ Kb8 42. Rf8+ Rxf8 43. Rxf8+ Kb7 44. Rf4 Rh5 45.
g4 hxg3 46. Kxg3 Rc5 47. h4 Rc3+ 48. Kg4 a5 49. h5 Rc1 50. Kg5 Kb6 51. h6 Kc5
52. h7 Rh1 53. Rh4 1-0

[Event "Open Semana Santa 2023"]
[Site "?"]
[Date "2023.04.10"]
[Round "9.76"]
[White "Hercegovac, Neven"]
[Black "Segura Marsa, Andres"]
[Result "1-0"]
[WhiteElo "2153"]
[BlackElo "1916"]
[PlyCount "65"]

1. e4 c5 2. Nf3 Nc6 3. d4 cxd4 4. Nxd4 g6 5. c4 Nf6 6. Nc3 d6 7. f3 Nxd4 8.
Qxd4 Bg7 9. Be3 O-O 10. Qd2 Qa5 11. Rc1 Be6 12. b3 Nd7 13. Be2 Nc5 14. O-O Rfc8
15. Kh1 a6 16. Bd4 Bxd4 17. Qxd4 b5 18. cxb5 Bxb3 19. bxa6 Bxa2 20. Nxa2 Qxa2
21. Bc4 Qa4 22. Ra1 Qd7 23. h3 Ne6 24. Bxe6 fxe6 25. Rfb1 Ra7 26. Rb6 Rca8 27.
Rab1 Qd8 28. Qc4 Qc8 29. Rc6 Qd7 30. Rbb6 Kg7 31. Kh2 e5 32. Rb7 d5 33. Qc5 1-0

[Event "Open Semana Santa 2023"]
[Site "?"]
[Date "2023.04.10"]
[Round "9.77"]
[White "Nunez Miranda, Adrian"]
[Black "Lopez De Turiso Sanchez, Jose An"]
[Result "1-0"]
[WhiteElo "2142"]
[BlackElo "1904"]
[PlyCount "67"]

1. d4 Nf6 2. Nc3 d5 3. Bf4 e6 4. Nb5 Na6 5. e3 c6 6. Nc3 Nc7 7. Nf3 Nh5 8. Bg5
f6 9. Bh4 g6 10. Bd3 Be7 11. Qe2 b6 12. g4 Ng7 13. e4 O-O 14. O-O-O c5 15. dxc5
bxc5 16. Bc4 Bb7 17. exd5 Nxd5 18. Nxd5 exd5 19. Qd3 Qb6 20. Bxd5+ Bxd5 21.
Qxd5+ Kh8 22. Rhe1 Rfd8 23. Qf7 Rxd1+ 24. Rxd1 Qc7 25. Bg3 Qb7 26. Re1 Qxf3 27.
Rxe7 Rg8 28. g5 Qh1+ 29. Kd2 Rd8+ 30. Rd7 Rxd7+ 31. Qxd7 Qe4 32. gxf6 Qb4+ 33.
Kd3 c4+ 34. Ke2 1-0

[Event "Open Semana Santa 2023"]
[Site "?"]
[Date "2023.04.10"]
[Round "9.78"]
[White "Torres Rebolledo, Victor"]
[Black "Jordan Martinez, David"]
[Result "0-1"]
[WhiteElo "1960"]
[BlackElo "2137"]
[PlyCount "94"]
[EventDate "2023.??.??"]

1. d4 g6 2. c4 Bg7 3. e4 d6 4. Nc3 e5 5. d5 Na6 6. Bd3 Nc5 7. Bc2 a5 8. Be3 Bd7
9. g4 Ne7 10. h4 h5 11. g5 O-O 12. b3 Nc8 13. a3 f5 14. exf5 Bxf5 15. Bxf5 Rxf5
16. Nge2 e4 17. Bxc5 dxc5 18. Nxe4 Qe7 19. N4g3 Nd6 20. O-O Raf8 21. Rc1 Rf3
22. Qc2 Qf7 23. Ne4 Nf5 24. N4g3 Nd6 25. Ne4 Nxe4 26. Qxe4 Rxb3 27. f4 Re8 28.
Qg2 Qf5 29. Rf3 Rxf3 30. Qxf3 Bd4+ 31. Nxd4 cxd4 32. d6 c6 33. Rd1 c5 34. Rc1
Kf8 35. Qd5 Qg4+ 36. Qg2 Qxg2+ 37. Kxg2 Rd8 38. Rb1 Rxd6 39. Rxb7 d3 40. Rb1
Ke7 41. Rd1 d2 42. Kf3 Ke6 43. Ke3 Kf5 44. a4 Rd4 45. Rxd2 Rxd2 46. Kxd2 Kxf4
47. Ke2 Ke4 0-1

[Event "Open Semana Santa 2023"]
[Site "?"]
[Date "2023.04.10"]
[Round "9.79"]
[White "Ereza Vizcarra, Fernando"]
[Black "Arce Gonzalez, Dario"]
[Result "1-0"]
[WhiteElo "2131"]
[BlackElo "1908"]
[PlyCount "73"]

1. d4 d5 2. Nf3 Nf6 3. g3 e6 4. Bg2 Bd6 5. c4 O-O 6. Qc2 h6 7. O-O b6 8. Nc3
Bb7 9. cxd5 exd5 10. Nb5 Nc6 11. Nxd6 cxd6 12. Bf4 Rc8 13. Qb3 Re8 14. Rfe1 a5
15. Bh3 Rb8 16. Bf1 Ba6 17. Rac1 Bb7 18. h4 Na7 19. a4 Nc6 20. Qa3 Ne4 21. Be3
Qf6 22. Qb3 Nb4 23. Nd2 Qg6 24. Bf4 Qf6 25. Be3 Qg6 26. Bg2 Bc8 27. Rc7 Nf6 28.
Nf1 Ng4 29. Bd2 Na6 30. Ra7 Nb4 31. Bxb4 axb4 32. Bf3 Qf5 33. Qxb4 Nf6 34. Qxd6
Ne4 35. Bxe4 Qxe4 36. e3 Qc2 37. Qc7 1-0

[Event "Open Semana Santa 2023"]
[Site "?"]
[Date "2023.04.10"]
[Round "9.81"]
[White "Beneyto De Ramon, Guillermo"]
[Black "O`cuilleanain, Oisin"]
[Result "0-1"]
[WhiteElo "1953"]
[BlackElo "2122"]
[Annotator "Usuario"]
[PlyCount "120"]

1. c4 e6 2. Nc3 d5 3. cxd5 exd5 4. g3 Nf6 5. Nf3 c6 6. d4 Bd6 7. Bg2 O-O 8. O-O
Re8 9. Re1 h6 10. a3 a5 11. Nh4 Na6 12. e4 dxe4 13. Nxe4 Nxe4 14. Bxe4 Nc7 15.
Qh5 Qf6 16. Bd2 Be6 17. Bc3 Nd5 18. f4 b5 19. Nf3 Qd8 20. Ne5 Nf6 21. Qf3 Nxe4
22. Qxe4 Bd5 23. Qc2 Qb6 24. b4 axb4 25. axb4 Rxa1 26. Rxa1 Bxb4 27. Nd7 Qc7
28. Bxb4 Qxd7 29. Re1 Rxe1+ 30. Bxe1 Qe6 31. Kf2 $11 Qg4 32. Qe2 Qh3 33. Kg1
Qf5 34. Bb4 Qb1+ 35. Qe1 Qd3 36. Qc3 Qd1+ 37. Kf2 Qh1 38. Ke3 Qxh2 39. Qe1 Qg2
40. Bc5 Qc2 41. Qe2 Qb1 42. Kd2 b4 43. Qe8+ Kh7 44. Qe3 b3 45. Qd3+ Qxd3+ 46.
Kxd3 Kg6 47. Ba3 Kf5 48. Ke3 f6 49. Bc1 g5 50. fxg5 fxg5 51. Bb2 h5 52. Bc1 h4
53. Kf2 h3 54. Kg1 Ke4 55. Kh2 g4 56. Kg1 Kxd4 57. Kh2 Kc3 58. Bf4 b2 59. Bc1
b1=Q 60. Bd2+ Kd3 0-1

[Event "Open Semana Santa 2023"]
[Site "?"]
[Date "2023.04.10"]
[Round "9.82"]
[White "Galstyan, David"]
[Black "Camarillas Castellano, Pau"]
[Result "1/2-1/2"]
[WhiteElo "2119"]
[BlackElo "1891"]
[Annotator "Usuario"]
[PlyCount "94"]

1. e4 c6 2. Nf3 d5 3. Nc3 dxe4 4. Nxe4 Nf6 5. Qe2 Nxe4 6. Qxe4 Qd5 7. Qf4 Qf5
8. Qe3 Qe6 9. Be2 Qxe3 10. fxe3 g6 11. O-O Bg7 12. d4 O-O 13. e4 Bg4 14. c3 e5
15. Be3 Nd7 16. Bc4 exd4 17. Bxd4 Be6 18. Bxe6 fxe6 19. Bxg7 Kxg7 20. Ng5 Rae8
21. Rad1 Rxf1+ 22. Kxf1 Nf6 23. Rd6 Kg8 24. e5 Nd5 25. Nxe6 Ne3+ 26. Kg1 Nc4
27. Rd8 Rxd8 28. Nxd8 Nxb2 29. Nxb7 Nc4 30. e6 Kf8 31. Kf2 Ke7 32. Nc5 h6 33.
Kf3 Kd6 34. e7 Kxe7 35. Ke4 Nd6+ 36. Kd4 Nf5+ $11 37. Ke4 Nd6+ 38. Ke5 Nf7+ 39.
Kd4 Nd6 40. Ne4 Nxe4 41. Kxe4 Ke6 42. Kd4 Kd6 43. g3 g5 44. g4 Ke6 45. c4 Kd6
46. c5+ Ke6 47. a3 Kf6 1/2-1/2

[Event "Open Semana Santa 2023"]
[Site "?"]
[Date "2023.10.10"]
[Round "9.83"]
[White "Roquero Redondo, Miguel"]
[Black "Cano Mateos, Mateos,Pablo"]
[Result "1/2-1/2"]
[WhiteElo "1924"]
[BlackElo "2112"]
[PlyCount "27"]

1. e4 e6 2. d4 d5 3. Nd2 h6 4. Ngf3 Nf6 5. Bd3 c5 6. exd5 Qxd5 7. dxc5 Bxc5 8.
O-O O-O 9. Qe2 Nc6 10. Ne4 Nxe4 11. Qxe4 Qxe4 12. Bxe4 Nd4 13. Nxd4 Bxd4 14. c3
1/2-1/2

[Event "Open Semana Santa 2023"]
[Site "?"]
[Date "2023.04.10"]
[Round "9.84"]
[White "Torres Rebolledo, Alvaro"]
[Black "Vicens Company, Maria Antonia"]
[Result "1-0"]
[WhiteElo "2105"]
[BlackElo "1888"]
[PlyCount "55"]

1. e4 c5 2. c3 Nf6 3. e5 Nd5 4. d4 e6 5. Nf3 cxd4 6. cxd4 d6 7. Nc3 Nb6 8. exd6
Bxd6 9. Bd3 N8d7 10. O-O Nf6 11. Bc2 Bd7 12. Re1 O-O 13. Qd3 Bc6 14. Bg5 g6 15.
Bb3 Be7 16. Ne5 Bd5 17. Nxd5 Nfxd5 18. Bh6 Re8 19. Qf3 Bf6 20. Re4 Qe7 21. h4
Bg7 22. Bxg7 Kxg7 23. h5 Rac8 24. Rae1 Rc7 25. Ng4 Rec8 26. Re5 Qd8 27. h6+ Kg8
28. Bxd5 1-0

[Event "Open Semana Santa 2023"]
[Site "?"]
[Date "2023.04.10"]
[Round "9.85"]
[White "Alvarez Morales, Miguel"]
[Black "Cuenca Jimenez, Francisco Javier"]
[Result "0-1"]
[WhiteElo "1924"]
[BlackElo "2094"]
[PlyCount "70"]
[EventDate "2023.??.??"]

1. Nf3 Nf6 2. c4 e6 3. d4 d5 4. g3 dxc4 5. Qa4+ c6 6. Qxc4 b5 7. Qc2 Bb7 8. Bg2
Nbd7 9. O-O c5 10. Rd1 Rc8 11. Qd3 c4 12. Qc2 Be7 13. Ne5 Bxg2 14. Kxg2 Qb6 15.
Nxd7 Nxd7 16. e4 O-O 17. Be3 Qb7 18. Nd2 Nb6 19. Nf3 f5 20. exf5 Rxf5 21. d5
Nxd5 22. Qe4 Nxe3+ 23. Qxe3 Rcf8 24. Qxe6+ R8f7 25. Rd2 Qxf3+ 26. Kg1 R5f6 27.
Qd7 Qc6 28. Qxc6 Rxc6 29. Kg2 Bf6 30. Re1 Kf8 31. Rd5 a6 32. f4 Re7 33. Red1
Bxb2 34. Rd8+ Re8 35. R8d7 c3 0-1

[Event "Open Semana Santa 2023"]
[Site "?"]
[Date "2023.04.10"]
[Round "9.87"]
[White "Perez Garcia, Saul"]
[Black "Castro Quijano, Eduardo"]
[Result "0-1"]
[WhiteElo "1885"]
[BlackElo "2083"]
[PlyCount "62"]

1. d4 Nf6 2. c4 e6 3. g3 d5 4. Nf3 Be7 5. Bg2 O-O 6. O-O Nbd7 7. Qc2 c6 8. Nbd2
a6 9. e4 dxe4 10. Nxe4 Nxe4 11. Qxe4 c5 12. Rd1 cxd4 13. Nxd4 Qb6 14. b3 Nf6
15. Qf3 Bc5 16. Be3 e5 17. Nf5 e4 18. Bxc5 Qxc5 19. Nh6+ Kh8 20. Qf4 Qh5 21.
Rd6 Be6 22. g4 Qxh6 23. g5 Nh5 24. Qe5 Qg6 25. Bxe4 f5 26. Bxb7 Rae8 27. Bc6
Qxg5+ 28. Kh1 Bd7 29. Qd4 Bxc6+ 30. Rxc6 Nf4 31. Rg1 Qxg1+ 0-1

[Event "Open Semana Santa 2023"]
[Site "?"]
[Date "2023.04.10"]
[Round "9.88"]
[White "Kocharyan Baghdasaryan, Arman"]
[Black "FM Lacrosse, Marc"]
[Result "1/2-1/2"]
[WhiteElo "1881"]
[BlackElo "2081"]
[PlyCount "55"]

1. e4 e5 2. Nf3 Nc6 3. Bb5 a6 4. Ba4 Nf6 5. O-O Nxe4 6. d4 b5 7. Bb3 d5 8. dxe5
Be6 9. c3 Be7 10. Nbd2 Nc5 11. Bc2 d4 12. Nxd4 Nxd4 13. cxd4 Qxd4 14. Nf3 Qxd1
15. Rxd1 O-O 16. Ng5 h6 17. Nxe6 Nxe6 18. Be4 Rad8 19. Be3 c5 20. f4 c4 21. Kf2
Nc5 22. Bxc5 Bxc5+ 23. Ke2 Bd4 24. Rd2 c3 25. bxc3 Bxc3 26. Rxd8 Rxd8 27. Rd1
Rxd1 28. Kxd1 1/2-1/2